Two-Word Oscar Winners Quiz Stats

Quiz Updated Feb 24, 2014

Challenge
Share
Tweet
Embed
Score 0/17 Timer 03:00
1 Play Today
Year Movie Title % Correct
1994Forrest Gump
88.5%
2008Slumdog Millionaire
84.7%
1999American Beauty
84.6%
1972The Godfather
83.4%
1988Rain Man
79.4%
1977Annie Hall
76.8%
2011The Artist
75.3%
1993Schindler's List
73.6%
2006The Departed
68.1%
Year Movie Title % Correct
1969Midnight Cowboy
62.1%
1980Ordinary People
59.2%
1973The Sting
58.1%
1960The Apartment
52.5%
1963Tom Jones
34.1%
1932Grand Hotel
33.8%
1942Mrs. Miniver
33.5%
1947Gentleman's Agreement
25.1%

You're not logged in!

Compare scores with friends on all Sporcle quizzes.
Join for Free
OR
Log In

You Might Also Like...

Show Comments

Extras

Top Quizzes Today


Score Distribution

Your Account Isn't Verified!

In order to create a playlist on Sporcle, you need to verify the email address you used during registration. Go to your Sporcle Settings to finish the process.

Report this User

Report this user for behavior that violates our Community Guidelines.

Details: